Les films avec Meryl Streep - Statistiques

Statistiques générales
  • Ce quiz a été pris 117 fois
  • Le résultat moyen est 9 sur 24
Statistiques - réponses
Rôles Films % Correct
Une rédactrice en chef tyrannique avec ses équipes Le Diable s'habille en Prada
96%
Dans ce film musical, elle est une tenancière d'un hôtel sur une île grecque Mamma Mia !
86%
Une première ministre anglaise La Dame de Fer
68%
Une mère qui laisse la garde de son fils à son ex-mari avant de lui faire un procès pour le récupérer Kramer contre Kramer
67%
Une mère de famille qui tombe amoureuse d'un photographe Sur la route de Madison
65%
Une femme qui a eu connu l'horreur des camps d'extermination et a dû choisir entre son fils et sa fille Le choix de Sophie
60%
La présidente des États-Unis qui fait face à un météorite qui menace de s'écraser sur la Terre Don't Look Up
51%
Une aristocrate danoise expatriée qui tombe folle amoureuse d"un chasseur Out of Africa
49%
Dans cette comédie musicale made Disney, elle y incarne la sorcière Into the Woods
33%
Une femme américaine en France qui révolutionne la cuisine grâce à son livre Julie et Julia
32%
La petite amie d'un vétéran du Vietnam qui finira tué à la roulette russe Voyage au bout de l'enfer
32%
Une éditrice New-Yorkaise qui s'occupe de son meilleur ami atteint du sida The Hours
31%
Une bonne sœur qui dénonce la pédophilie d'un prêtre Doute
28%
Une riche héritière américaine qui réussit à devenir chanteuse malgré son manque de talent Florence Foster Jenkins
28%
Une actrice empreinte d'orgueil qui va finir littéralement comme une morte vivante La mort vous va si bien
28%
Une tante un peu folle qui récupère trois orphelins Les Désastreuses aventures des orphelins Baudelaire
23%
Mère de trois filles qui souffre d'un cancer de la bouche et dont son mari vient de se suicider Un été à Osage County
21%
Une mère de famille accusée d'avoir tué son enfant Un Cri dans la nuit
19%
Directrice d'un journal qui va sortir le scandale du Watergates Pentagone Papers
18%
Une psy qui a comme patiente une femme qui couche avec son fils Petites Confidences à ma psy
12%
Ex-femme d'un écrivain qui a publié un tract féministe sur le mariage Manhattan
10%
Une mère passionnée de musique qui n'a jamais été là pour ses enfants Ricki and the Flash
9%
Journaliste de télévision qui enquête sur la guerre en Afghanistan Lions et Agneaux
6%
Une jeune femme qui rêve de show-business mais dont la mère, une star de cinéma, n'a de cesse que de lui mettre des bâtons dans les roues Bons baisers d'Holywood
3%
Aucun quiz correspondant
Distribution des résultats
% des personnes avec chaque résultat
Percentile par nombre de réponses
Votre historique - résultats
Vous n’avez pas pris ce quiz